| 000 | 00365nam a2200109Ia 4500 | ||
|---|---|---|---|
| 008 | 200302s9999 xx 000 0 und d | ||
| 100 | _aWilliam Adam | ||
| 245 | _aVitruvius Scoticus/Plans, Elevations,and Sections of Public Buildings, Noblemen's and Gentlemen's Houses in Scotland | ||
| 260 | _bDover Publication Inc mineola /New Yark | ||
| 260 | _c2011 | ||
| 300 | _a160 | ||
| 999 |
_c3326 _d3326 |
||